Cuenta del tesoro federal formada por la Tesorería General de la Federación en cumplimiento del artículo tercero de la ley de 30 de mayo de 1881

Detalles Bibliográficos
Autor principal: Tesorería General de la Federación (México)
Formato: Libro
Lenguaje:Spanish
Publicado: México : Tipografía de la oficina impresora del Timbre Palacio Nacional, 1897.
Materias:
Colección:Banco de datos
Acervo:Universidad Autónoma Benito Juárez de Oaxaca. Biblioteca Francisco de Burgoa. Colección Lic. Benito Juárez García
Descripción Física:[4] h., [1] h. pleg., [3] h., [1] h. pleg., XIV, 1472, XVIII p., [1] h. pleg. ; 31.5 cm.
Tema general:Administración
Notas:Portada tipográfica con el escudo nacional mexicano y pleca. Texto a renglón seguido y diferentes columnas con paginación en números arábigos y romanos. Incluye tabla. Encuadernación en cartón con lomo en piel. Anotación manuscrita en la guarda anterior: "Al Señor Diputado Benito Juárez". Sello en tinta de la Biblioteca Pública del Estado de Oaxaca, Oax. Sello en tinta de Benito Juárez. México
LEADER 01400nam a22001930004500
035 |a 53 
041 0 |a spa 
100 1 |a Tesorería General de la Federación (México) 
245 1 0 |a Cuenta del tesoro federal formada por la Tesorería General de la Federación en cumplimiento del artículo tercero de la ley de 30 de mayo de 1881 
260 |a México : Tipografía de la oficina impresora del Timbre Palacio Nacional, 1897. 
300 |a [4] h., [1] h. pleg., [3] h., [1] h. pleg., XIV, 1472, XVIII p., [1] h. pleg. ; 31.5 cm.  
500 |a Portada tipográfica con el escudo nacional mexicano y pleca. Texto a renglón seguido y diferentes columnas con paginación en números arábigos y romanos. Incluye tabla. Encuadernación en cartón con lomo en piel. Anotación manuscrita en la guarda anterior: "Al Señor Diputado Benito Juárez". Sello en tinta de la Biblioteca Pública del Estado de Oaxaca, Oax. Sello en tinta de Benito Juárez. México 
504 |a Al final de la obra está el índice alfabético 
505 0 0 |a Ejercicio fiscal de 1895 a 1896 
650 1 0 |a Administración 
852 |a Universidad Autónoma "Benito Juárez" de Oaxaca, Biblioteca Francisco de Burgoa, Colección Lic. Benito Juárez García 8187 
942 |c BURBEN 
943 |g Universidad Autónoma Benito Juárez de Oaxaca. Biblioteca Francisco de Burgoa. Colección Lic. Benito Juárez García 
999 |c 1120894  |d 1120894